00947nam a22002657a 4500003000500000005001700005008004100022010000900063011000900072035000900081040000900090082001600099110008700115245003900202260004100241300001900282490006100301500001100362650003200373650003300405650003900438710004900477711009400526830006100620CHAP20220817040932.0971013s1991 r 00010 d a3001 a3973 a3174 cCHAP a614.772bC6 aColegio de Ingenieros Civiles de México. División Técnica del Medio Ambiente aAgua limpiab: estrategia nacional aMéxico, D. F. :bEl Colegio,c1991 a126 p.b: ilus aCuadernos técnicos. Ingeniería y Medio Ambientev; 3 aD48-5814aAguaxConservacionxMexico.14aAguaxContaminacionxMexico.14aPolítica hidráulicaxMéxico.0 aInstituto Mexicano de Tecnología del Agua.0 aMesa Redonda sobre Ingeniería y Medio Ambiente (3 : 1991 : San Luis Potosí, S. L. P.)0 aCuadernos técnicos. Ingeniería y Medio Ambientev; 3